Tiché společenství.

Tiché spoločenstvo ako jedna z právnych foriem majetkovej účasti na podnikaní, najmä na drobnom a strednom podnikaní. Účastníci zmluvy a predmet vkladu tichého spoločníka. Rozhodujúci význam ročnej účtovnej uzávierky pre určenie podielu tichého spoločníka na výsledku podnikania. Ustanovenia o zániku...

Descrizione completa

Salvato in:
Dettagli Bibliografici
Autore principale: Marek, K.
Altri autori: Schulz, J.
Natura: Capitolo di libro
Lingua:ceco
Soggetti:
Tags: Aggiungi Tag
Nessun Tag, puoi essere il primo ad aggiungerne!!

MARC

LEADER 00000naa a2200000 4500
001 r013492
005 20221213082113.5
041 0 |a cze 
044 |a CZ 
245 1 0 |a Tiché společenství.  |c K. Marek, J. Schulz 
520 |a Tiché spoločenstvo ako jedna z právnych foriem majetkovej účasti na podnikaní, najmä na drobnom a strednom podnikaní. Účastníci zmluvy a predmet vkladu tichého spoločníka. Rozhodujúci význam ročnej účtovnej uzávierky pre určenie podielu tichého spoločníka na výsledku podnikania. Ustanovenia o zániku zmluvy. 
610 2 0 |a podnikanie 
610 2 0 |a zmluvy hospodárske 
610 2 0 |a podnik malý 
610 2 0 |a podnik stredný 
610 2 0 |a predpisy právne 
610 2 0 |a spoločenstvo tiché 
100 1 |a Marek, K. 
700 1 |a Schulz, J.